00305nam a2200109Ia 4500008004100000050001500041100002200056245004200078260003800120300002400158650001300182150202s9999 xx 000 0 und d aFIC bFIC  aCollins, Larrie.  4aThe fifth horseman /cLarrie Collins. aNew York :bPanther Books,c1980. a573 pages :c22 cm. aFiction.